| 000 | 00751nam a2200253Ia 4500 | ||
|---|---|---|---|
| 003 | OSt | ||
| 005 | 20220918200341.0 | ||
| 006 | a|||||r|||| 00| 0 | ||
| 007 | ta | ||
| 008 | 220917b |||||||| |||| 00| 0 eng d | ||
| 024 | _a88,426 | ||
| 037 | _cTextual | ||
| 040 |
_aARTS _cARTS _beng |
||
| 041 |
_2eng _aeng |
||
| 082 | _aT6, N3 | ||
| 100 |
_aGearheart Bill _993707 |
||
| 245 | 0 |
_aExceptional individuals _bAn introduction |
|
| 260 |
_aCalifornia _bBrooks /Cole Publishing company _c1993 |
||
| 300 |
_axxiii, 548p. _ccm. |
||
| 500 | _aBibliography p515-536; Appendix p503-508; Glossary p509--514 | ||
| 650 |
_aEXCEPTIONAL CHILDREN - EDUCATION _993708 |
||
| 942 |
_hT6, N3 _cTEXL _2CC |
||
| 999 |
_c212114 _d212114 |
||